Fastest Growing Metro Areas in US (2010-2020) - Statistics

General Stats
  • This quiz has been taken 470 times
    214 since last reset
  • The average score is 17 of 20
Answer Stats
Growth Rate MSA % Correct
20.0% Dallas-Fort Worth-Arlington, TX
99%
20.3% Houston-The Woodlands-Sugarland, TX
98%
33.0% Austin-Round Rock, TX
95%
15.6% Phoenix-Mesa-Chandler, AZ
94%
14.1% Tampa-St Petersburg-Clearwater, FL
94%
25.3% Orlando-Kissimmee-Sanford, FL
93%
15.2% Atlanta-Sandy Springs-Alpharetta, GA
92%
18.6% Charlotte-Concord-Gastonia, NC
92%
16.8% Seattle-Tacoma-Bellevue, WA
92%
19.4% San Antonio-New Braunfels, TX
90%
16.1% Las Vegas-Henderson-Paradise, NV
87%
16.5% Denver-Aurora-Lakewood, CO
86%
20.9% Nashville-Davidson-Murfreesboro-Franklin, TN
86%
19.3% Jacksonville, FL
85%
25.1% Raleigh-Cary, NC
85%
12.9% Portland-Vancouver-Hillsboro, OR/WA
79%
13.0% Washington-Arlington-Alexandria, DC/VA/MD/WV
74%
15.6% Salt Lake City, UT
68%
13.8% Oklahoma City, OK
67%
12.5% Columbus, OH
59%
No matching quizzes found
Score Distribution
Percent of People with Each Score
Percentile by Number Answered
Your Score History
You have not taken this quiz since the last reset